|
|
|
|
| LEADER |
01482nam a2200361 a 4500 |
| 001 |
28900 |
| 003 |
BD-DhAAL |
| 005 |
20221012160230.0 |
| 008 |
150225s2004 nyua 001 0aeng |
| 999 |
|
|
|c 33790
|d 33790
|
| 010 |
|
|
|a 2004107564
|
| 020 |
|
|
|a 9780375414572 (hardcover)
|
| 020 |
|
|
|a 0091795273
|
| 020 |
|
|
|a 0375414576
|
| 040 |
|
|
|a DLC
|c DLC
|d DLC
|d BD-DhAAL
|
| 043 |
|
|
|a n-us---
|
| 050 |
0 |
0 |
|a E886
|b .A3 2004
|
| 082 |
0 |
0 |
|a 973.929092
|2 22
|
| 100 |
1 |
|
|a Clinton, Bill,
|d 1946-
|9 8774
|
| 245 |
1 |
0 |
|a My life /
|c Bill Clinton.
|
| 260 |
|
|
|a New York ;
|a London :
|b Knopf ;
|b Hutchinson,
|c c2004.
|
| 300 |
|
|
|a 957, xliii p. :
|b ill. ; 24 cm.
|
| 500 |
|
|
|a Includes index.
|
| 541 |
|
|
|a Donated By Akbar Ali Khan
|e 28900, 39712
|
| 600 |
1 |
0 |
|a Clinton, Bill,
|d 1946-
|9 8775
|
| 600 |
1 |
0 |
|a Clinton, Bill,
|d 1946-
|x Family.
|9 8776
|
| 600 |
3 |
0 |
|a Clinton family.
|9 8777
|
| 650 |
|
0 |
|a Presidents
|z United States
|v Biography.
|9 8169
|
| 651 |
|
0 |
|a United States
|x Politics and government
|y 1993-2001.
|9 8778
|
| 852 |
|
|
|a Ayesha Abed Library
|c General Stacks
|
| 942 |
|
|
|2 ddc
|c BK
|
| 952 |
|
|
|0 0
|1 0
|2 ddc
|4 0
|6 973_929092000000000_CLI
|7 0
|9 52771
|a BRACUL
|b BRACUL
|c GEN
|d 2015-02-25
|e BRAC Institute of Language (BIL)
|l 0
|o 973.929092 CLI
|p 3010028900
|r 2015-02-25
|t 1
|w 2015-02-25
|y BK
|x Transferred from BIL to BRACUL on 06/06/22
|
| 952 |
|
|
|0 0
|1 0
|2 ddc
|4 0
|6 973_929092000000000_CLI
|7 1
|9 72054
|a BRACUL
|b BRACUL
|c AAKC
|d 2022-10-12
|e Donated by Akbar Ali Khan
|l 0
|o 973.929092 CLI
|p 3010039712
|r 2022-10-12
|t 2
|w 2022-10-12
|y BK
|